Квиз о Либану - Statistics

General Stats
  • This quiz has been taken 59 times
  • The average score is 8 of 17
Answer Stats
Опис Одговор % Correct
Званичан језик Арапски
98%
Државе са којима се граничи Израел
94%
Главни град Бејрут
92%
Државе са којима се граничи Сирија
92%
Европска држава која је добила "мандат" да влада Либаном, 1923−1946 Француска
69%
Регија на слово Л, чији је Либан део Левант
55%
Врста дрвета приказана на застави Кедар
55%
Стари надимак овог града {Париз} Блиског Истока
43%
Други најмногољуднији град (дели име са једном афричком престоницом) Триполи
43%
Шиитска политичка партија коју ЕУ сматра за терористичку организацију Хезболах
41%
Древна цивилизација која је оснивала колоније по Средоземљу Феникија
39%
Валута Либана Фунта
37%
Важан град цивилизације изнад, њега је Александар Македонски освојио и претворио из острва у полуострво Тир
16%
Библијски назив за бога заштитника тог града Вал
8%
Локална религија која је инкорпорирала елементе Ислама, Хришћанства, Хиндуизма и грчке философије (почиње словом Д) Друзи
8%
Град Баалбек је познат по римским ископинама, како се звао у римско доба? {Хелио}полис
8%
Највећа грана Хришћанства у Либану {Маронитска} Црква
0%
No matching quizzes found
Score Distribution
Percent of People with Each Score
Percentile by Number Answered
Your Score History
You have not taken this quiz